Развитие инфраструктуры арктического шельфа России для добычи углеводородов; Творчество юных - шаг в успешное будущее

Podrobná bibliografie
Parent link:Творчество юных - шаг в успешное будущее.— 2016.— [С. 424-426]
Hlavní autor: Жихарева Е. Е.
Korporativní autor: Национальный исследовательский Томский политехнический университет (ТПУ) Институт природных ресурсов (ИПР) Кафедра экономики природных ресурсов (ЭПР)
Další autoři: Черкашина Е. Е. (научный руководитель), Лукьянов А. В., Романюк В. Б. Вера Борисовна
Shrnutí:Заглавие с титульного экрана
Jazyk:ruština
Vydáno: 2016
Edice:Экономика освоения Арктики и её ресурсов
Témata:
On-line přístup:http://earchive.tpu.ru/handle/11683/36765
Médium: MixedMaterials Elektronický zdroj Kapitola
KOHA link:https://koha.lib.tpu.ru/cgi-bin/koha/opac-detail.pl?biblionumber=622035

MARC

LEADER 00000naa2a2200000 4500
001 622035
005 20231101133206.0
035 |a (RuTPU)RU\TPU\conf\20687 
035 |a RU\TPU\conf\20686 
090 |a 622035 
100 |a 20170203d2016 k y0rusy50 ca 
101 0 |a rus 
102 |a RU 
105 |a y z 101zy 
135 |a drgn ---uucaa 
181 0 |a i  
182 0 |a b 
200 1 |a Развитие инфраструктуры арктического шельфа России для добычи углеводородов  |f Е. Е. Жихарева, Е. Е. Черкашина, А. В. Лукьянов  |g науч. рук. В. Б. Романюк 
203 |a Текст  |c электронный 
225 1 |a Экономика освоения Арктики и её ресурсов 
230 |a 1 компьютерный файл (pdf; 1192 Kb) 
300 |a Заглавие с титульного экрана 
320 |a [Библиогр.: с. 426 (4 назв.)] 
463 1 |0 (RuTPU)RU\TPU\conf\20537  |t Творчество юных - шаг в успешное будущее  |o Арктика и её освоение  |o материалы IX Всероссийской научной молодежной конференции с международным участием с элементами научной школы имени профессора М.К. Коровина, г. Томск, 10-14 октября 2016 г.  |f Национальный исследовательский Томский политехнический университет (ТПУ) ; под ред. А. Ю. Дмитриева  |v [С. 424-426]  |d 2016 
610 1 |a труды учёных ТПУ 
610 1 |a электронные ресурсы 
610 1 |a арктический шельф 
610 1 |a углеводороды 
610 1 |a нефтегазовая отрасль 
610 1 |a трубопроводные сети 
610 1 |a месторождения 
700 1 |a Жихарева  |b Е. Е. 
701 1 |a Черкашина  |b Е. Е. 
701 1 |a Лукьянов  |b А. В. 
702 1 |a Романюк  |b В. Б.  |c экономист  |c старший преподаватель Томского политехнического университета  |f 1964-  |g Вера Борисовна  |2 stltpush  |4 727 
712 0 2 |a Национальный исследовательский Томский политехнический университет (ТПУ)  |b Институт природных ресурсов (ИПР)  |b Кафедра экономики природных ресурсов (ЭПР)  |h 3659  |2 stltpush  |3 (RuTPU)RU\TPU\col\18668 
801 2 |a RU  |b 63413507  |c 20170210  |g RCR 
856 4 |u http://earchive.tpu.ru/handle/11683/36765 
942 |c BK